Opus dei (L')-Appunti e documenti per una storia (Record n. 65149)
[ formato base ]
| 000 -LEADER | |
|---|---|
| fixed length control field | 01083nam a2200301Ia 4500 |
| 001 - CONTROL NUMBER | |
| control field | 33372 |
| 003 - CONTROL NUMBER IDENTIFIER | |
| control field | IT-RoPAU |
| 008 - FIXED-LENGTH DATA ELEMENTS--GENERAL INFORMATION | |
| fixed length control field | 130308s9999 xx 000 0 und d |
| 040 ## - CATALOGING SOURCE | |
| Original cataloging agency | IT-RoPAU |
| 040 ## - CATALOGING SOURCE | |
| Transcribing agency | IT-RoPAU |
| 041 ## - LANGUAGE CODE | |
| Language code of text/sound track or separate title | ITALIANO |
| 999 ## - SYSTEM CONTROL NUMBERS (KOHA) | |
| Koha Dewey Subclass [OBSOLETE] | SI |
| 100 ## - MAIN ENTRY--PERSONAL NAME | |
| Personal name | Rocca Giancarlo |
| 100 ## - MAIN ENTRY--PERSONAL NAME | |
| Miscellaneous information | Codice Aut. SPICS: 14701 |
| 245 ## - TITLE STATEMENT | |
| Title | Opus dei (L')-Appunti e documenti per una storia |
| 245 ## - TITLE STATEMENT | |
| Remainder of title | Opus dei (L')-Appunti e Documenti per una Storia |
| 250 ## - EDITION STATEMENT | |
| Edition statement | 1a ed. |
| 260 ## - PUBLICATION, DISTRIBUTION, ETC. (IMPRINT) | |
| Place of publication, distribution, etc. | ROMA |
| 260 ## - PUBLICATION, DISTRIBUTION, ETC. (IMPRINT) | |
| Name of publisher, distributor, etc. | Claretianum |
| 260 ## - PUBLICATION, DISTRIBUTION, ETC. (IMPRINT) | |
| Date of publication, distribution, etc. | 1985 [1° Ed.:1985 - Ed.Ling.Originale:1985] |
| 300 ## - PHYSICAL DESCRIPTION | |
| Extent | "236 p. (prefazione: no ; testo: 236)" |
| 500 ## - GENERAL NOTE | |
| General note | Pia Unione Società di Vita Comune senza Voti Opus dei Come Primo Istituto secolare Anni dal 1947 al 1950 Approvazione Definitiva Come Istituto secolare dal 1950 al 1962 chiede di Mutare Statuto Giuridico da Istituto secolare a Prelatura 1962 1981 Prelatura Personale Valutazione Generale |
| 650 ## - SUBJECT ADDED ENTRY--TOPICAL TERM | |
| Topical term or geographic name as entry element | OPERE varie DI CULTURA GENERALE |
| 650 ## - SUBJECT ADDED ENTRY--TOPICAL TERM | |
| Relator term | Codice materia Spics: 1002 |
| 942 ## - ADDED ENTRY ELEMENTS (KOHA) | |
| Koha item type | LIBRO |
| 957 ## - | |
| -- | 1 |
| 999 ## - SYSTEM CONTROL NUMBERS (KOHA) | |
| -- | 1 |
| Withdrawn status | Lost status | Damaged status | Not for loan | Home library | Current library | Date acquired | Total Checkouts | Full call number | Date last seen | Price effective from | Koha item type | Public note |
|---|---|---|---|---|---|---|---|---|---|---|---|---|
| Buone Condizioni | Not For Loan | SPICS-MEDIATECA | SPICS-MEDIATECA | 08/03/2013 | 33372 | 08/03/2013 | 08/03/2013 | LIBRO | Progressivo inserimento: 441 / N. Volumi: 1 Copie: 1 Copia Rara: SI / data import: 1 marzo 2013 - By Epidotti, Trombetti, Vaglietti. |